000 00658nam a2200193Ia 4500
003 OSt
005 20260605103653.0
008 210210b1999 xxu||||| |||| 00| 0 eng d
040 _cAL
041 _aSanskrit
082 _aS891.8 HEGK
100 _aHEGADE (Gurupad K).
_dगुरुपाद के. हेगडे
_9265296
245 _aKannadvanmayavikase sanskratasya prabhav.
_bकन्नडवाङ्मयविकासे संस्कृतस्य प्रभावः
260 _aShimoga
_bMalnad Research Academy (R.)
_c1999
300 _avii,81
690 _aSanskrit Miscellaneous
_9265297
906 _a055841
942 _2ddc
_cBK
999 _c103456
_d103456